Superlatifs Australiens - Statistiques

Statistiques générales
  • Ce quiz a été pris 47 fois
  • Le résultat moyen est 5 sur 15
Statistiques - réponses
Indication Dates Réponse % Correct
Ville plus grande (dans l'Océanie entier) 5 005 400 habitants Sydney
93%
Île plus grande (pas l'île principale) 68 400 km² Tasmanie
93%
Rocher du grès plus grand (dans le monde entier) 348 m d'hauteur, 2.5 km de longeur, 1.6 km de largeur Uluru/ Ayers Rock
78%
Etat plus grand 2 529 880 km² Australie-Occidentale
63%
Etat plus petit sur l'île principale 227 420 km² Victoria
59%
Territoire plus grand sur l'île principale 1 349 130 km² Territoire du Nord
51%
Pont en arc du acier plus haut (dans l'Océanie entier) 134 m Harbour Bridge
27%
Lac plus grand (dans l'Océanie entier) 9 690 km² Lac Eyre
15%
Rivière plus longue (dans l'Océanie entier) 2 844 km Darling
7%
Montagne plus grande 2 228 m Mont Kosciuszko
5%
Edifice plus haute (dans l'Océanie entier) 322.5 m Q1 Tower
5%
Territoire externe plus grand 5 896 500 km² Territoire Antarctique Australien
5%
Territoire plus petit sur l'île principale 67.8 km² Territoire de la baie de Jervis
5%
Premier premier ministre 1901-1903 Edmund Barton
2%
Premier premier ministre fèminin 2010-2013 Julia Gillard
2%
Aucun quiz correspondant
Distribution des résultats
% des personnes avec chaque résultat
Percentile par nombre de réponses
Votre historique - résultats
Vous n’avez pas pris ce quiz